00306nam a2200109Ia 4500008004100000041000800041082001700049100001100066245006900077260003200146300001800178241028s9999 xx 000 0 und d aeng a358.4162 FAN aFan Di aManaging Globalized, Deglobalized And Reglobalized Supply Chains bSpringeraSwitzerlandc2023 a59;. p. 23 cm